000 00543 a2200205 4500
999 _c31975
_d31975
003 OSt
005 20260202165353.0
008 260202b ||||| |||| 00| 0 eng d
020 _a0-19-503567-4
040 _c.
082 _a621.59
_bB2771
100 _96540
_aBarron, Randall F.
245 _aCryogenic Systems /
_cby Randall F. Barron
250 _a2nd ed.
260 _bOxford University Press,
_aNew York :
_c1985.
300 _a507 p.
650 0 _9147
_aEngineering
650 0 _96541
_aLow temperature technology
942 _2ddc
_cBK